Historia 1 : antiguedad y la edad media /
Guardado en:
| Autor Principal: | |
|---|---|
| Otros Autores: | |
| Formato: | Libro |
| Publicado: |
Buenos Aires :
A-z,
1993
|
| Series: | Serie Plata
|
| Materias: | |
| Etiquetas: |
Agregar Etiqueta
Sin Etiquetas, Sea el primero en etiquetar este registro!
|
| LEADER | 02292nam a22004335a 4500 | ||
|---|---|---|---|
| 001 | CEM.cems013013 | ||
| 005 | 20081023094915.0 | ||
| 008 | 130507s1993##################000#0#####d | ||
| 003 | CEMS | ||
| 020 | |a 9505341261 | ||
| 082 | 0 | 4 | |a Z930 |
| 100 | 1 | |a Bustinza, Juan Antonio | |
| 245 | 1 | 0 | |a Historia 1 : |b antiguedad y la edad media / |c Juan Antonio Bustinza, Gabriel Antonio Ribas |
| 260 | |a Buenos Aires : |b A-z, |c 1993 | ||
| 300 | |a 316 p. | ||
| 490 | 0 | |a Serie Plata | |
| 500 | |a Para primer año del Ciclo Básico, escuelas de comercio y de educación técnica | ||
| 505 | 0 | |a Historia y prehistoria -- La civilización egipcia -- Las civilizaciones de Oriente -- La civilización griega -- La civilización romana -- El Occidente germano y el Oriente bizantino -- La civilización del Islam -- Carlomagno, la iglesia y la sociedad feudal -- El sacro imperio, las cruzadas y el nacimiento de la burguesía -- La Baja Edad Media | |
| 653 | |a Historia | ||
| 653 | |a Historia antigua | ||
| 653 | |a Historia medieval | ||
| 653 | |a Historia-1º egb | ||
| 700 | 1 | |a Ribas, Gabriel Antonio | |
| 859 | |a CEMS |b BIB. CEMS - 11 de abril |h Z930 |i B969-1 |p 15554.89 |t Ej.1 | ||
| 859 | |a CEMS |b BIB. CEMS - 11 de abril |h Z930 |i B969-1 |p 15732.90 |t Ej.3 | ||
| 859 | |a CEMS |b BIB. CEMS - 11 de abril |h Z930 |i B969-1 |p 15733.90 |t Ej.4 | ||
| 859 | |a CEMS |b BIB. CEMS - 11 de abril |h Z930 |i B969-1 |p 15734.90 |t Ej.5 | ||
| 859 | |a CEMS |b BIB. CEMS - 11 de abril |h Z930 |i B969-1 |p 15735.90 |t Ej.6 | ||
| 859 | |a CEMS |b BIB. CEMS - 11 de abril |h Z930 |i B969-1 |p 15811.90 |t Ej.7 | ||
| 859 | |a CEMS |b BIB. CEMS - 11 de abril |h Z930 |i B969-1 |p 15812.90 |t Ej.8 | ||
| 859 | |a CEMS |b BIB. CEMS - 11 de abril |h Z930 |i B969-1 |p 15813.90 |t Ej.9 | ||
| 859 | |a CEMS |b BIB. CEMS - 11 de abril |h Z930 |i B969-1 |p 15814.90 |t Ej.10 | ||
| 859 | |a CEMS |b BIB. CEMS - 11 de abril |h Z930 |i B969-1 |p 15815.90 |t Ej.11 | ||
| 859 | |a CEMS |b BIB. CEMS - 11 de abril |h Z930 |i B969-1 |p 16860.93 |t Ej.12 | ||
| 859 | |a CEMS |b BIB. CEMS - 11 de abril |h Z930 |i B969-1 |p 16936.93 |t Ej.13 | ||
| 859 | |a CEMS |b BIB. CEMS - 11 de abril |h Z930 |i B969-1 |p 16937.93 |t Ej.14 | ||
| 859 | |a CEMS |b BIB. CEMS - 11 de abril |h Z930 |i B969-1 |p 16938.93 |t Ej.15 | ||
| 859 | |a CEMS |b BIB. CEMS - 11 de abril |h Z930 |i B969-1 |p 16939.93 |t Ej.16 | ||
| 859 | |a CEMS |b BIB. CEMS - 11 de abril |h Z930 |i B969-1 |p 16940.93 |t Ej.17 | ||
